[Event "San Sebastian op 36th"]
[Site "San Sebastian"]
[Date "2013.03.23"]
[Round "1"]
[White "Crossland, Tomas Russel"]
[Black "Osmolny, Vladimir I"]
[Result "0-1"]
[WhiteElo "1583"]
[BlackElo "2180"]
[PlyCount "92"]
[EventDate "2013.03.23"]
[EventType "swiss"]
[EventRounds "9"]
[EventCountry "ESP"]
[SourceTitle "CBM 153 Extra"]
[Source "ChessBase"]
[SourceDate "2013.04.22"]
[SourceVersion "1"]
[SourceVersionDate "2013.04.22"]
[SourceQuality "1"]

1. e4 c5 2. c3 g6 3. d4 cxd4 4. cxd4 d5 5. e5 Nc6 6. Nf3 Bg4 7. Be2 Qb6 8. Nc3 Bxf3 9. Bxf3 e6 10. Qa4 Qxd4 11. Bf4 Qxa4 12. Nxa4 Bb4+ 13. Kf1 Nge7 14. a3 Ba5 15. Nc5 0-0-0 16. Bg5 Rhe8 17. Bf6 Bc7 18. Nd3 Kb8 19. g3 Rc8 20. Kg2 Bd8 21. g4 Nd4 22. Bd1 Nec6 23. Bg7 Na5 24. h4 Nab3 25. Rb1 a5 26. h5 g5 27. h6 Rc4 28. Kg3 Be7 29. Rh5 Ka7 30. Bf6 Nd2 31. Bxe7 Nxb1 32. Bxg5 b6 33. Be3 Rg8 34. Kh3 a4 35. Nb4 Nc6 36. Be2 Nxb4 37. Bxc4 dxc4 38. axb4 c3 39. bxc3 Rc8 40. Rg5 a3 41. Rg7 a2 42. Rxf7+ Kb8 43. Re7 a1Q 44. Rxe6 Nxc3 45. Rxb6+ Kc7 46. Rf6 Qh1+ 0-1